|
|
|
|
| LEADER |
01010nam a2200265 a 4500 |
| 001 |
1725175 |
| 008 |
120523s1973 enk b 001 0 eng |
| 010 |
|
|
|a 73082369
|
| 020 |
|
|
|a 0710076797
|
| 020 |
|
|
|a 0710076940 (pbk.)
|
| 040 |
|
|
|a DLC
|c DLC
|d DLC
|d BD-DhAAL
|
| 050 |
0 |
0 |
|a LB3011
|b .N37 1973
|
| 082 |
0 |
0 |
|a 371.1/02
|
| 100 |
1 |
|
|a Nash, Roy,
|d 1943-
|
| 245 |
1 |
0 |
|a Classrooms observed;
|b the teacher's perception and the pupil's performance.
|
| 260 |
|
|
|a London ;
|a Boston :
|b Routledge & K. Paul,
|c 1973
|
| 300 |
|
|
|a viii, 138 p. ;
|c 22 cm.
|
| 500 |
|
|
|a Based on the author's thesis, Edinburgh.
|
| 504 |
|
|
|a Includes bibliographical references (p. 134-136) and index.
|
| 541 |
|
|
|e 00025232
|
| 650 |
|
0 |
|a Classroom management.
|
| 650 |
|
0 |
|a Academic achievement.
|
| 852 |
1 |
|
|a Ayesha Abed Library
|c General shelf.
|
| 999 |
|
|
|c 12219
|d 12219
|
| 952 |
|
|
|0 0
|1 4
|2 ddc
|4 0
|6 371_102000000000000_NAS
|7 0
|9 20317
|a BRACUL
|b BRACUL
|c GEN
|d 2012-05-27
|l 0
|o 371.102 NAS
|p 3060025232
|r 2012-05-27
|t 1
|w 2012-05-27
|y BK
|x Koha Inventory 2020
|